Курс гравиразведки для геолого-разведочных техникумов: учебник

Dades bibliogràfiques
Altres autors: Абельский М. Е., Андреев Б. А., Голомб В. Э., Самсонов Н. Н.
Idioma:rus
Publicat: Москва, Госгеолтехиздат, 1954
Matèries:
Format: MixedMaterials Llibre
KOHA link:https://koha.lib.tpu.ru/cgi-bin/koha/opac-detail.pl?biblionumber=67027

MARC

LEADER 00000nam0a2200000 4500
001 67027
005 20231031073243.0
035 |a (RuTPU)RU\TPU\book\71381 
090 |a 67027 
100 |a 20040910d1954 m y0rusy50 ca 
101 0 |a rus 
102 |a RU 
105 |a a j 001zy 
200 1 |a Курс гравиразведки для геолого-разведочных техникумов  |e учебник  |f М. Е. Абельский, Б. А. Андреев, В. Э. Голомб, Н. Н. Самсонов 
210 |a Москва  |c Госгеолтехиздат  |d 1954 
215 |a 356 с.  |c ил. 
320 |a Библиогр.: с. 354-355. 
610 1 |a геология 
610 1 |a учебники 
610 1 |a гравиразведка 
610 1 |a разведка 
610 1 |a вариометры 
610 1 |a гравиметры 
675 |a 550.83(075.32)  |v 3 
701 1 |a Абельский  |b М. Е. 
701 1 |a Андреев  |b Б. А. 
701 1 |a Голомб  |b В. Э. 
701 1 |a Самсонов  |b Н. Н. 
801 1 |a RU  |b 63413507  |c 20040910  |g PSBO 
801 2 |a RU  |b 63413507  |c 20201126  |g PSBO 
942 |c BK